Logo BPK

Biblioteka

Politechniki Koszalińskiej

Analiticeskie vozmożnosti iskrovoj mass-spektrometrii / (Rekord nr 14713)

Szczegóły MARC
000 -ETYKIETA REKORDU
podpole kontrolne o stałej długości 00460nam a2200169 i 4500
001 - NUMER KONTROLNY REKORDU
pole kontrolne bg
040 ## - ŹRÓDŁO KATALOGOWANIA
Instytucja, która utworzyła rekord BPK
041 ## - KOD JĘZYKA
Kod języka tekstu pol
080 ## - UNIWERSALNA KLASYFIKACJA DZIESIĘTNA - UKD
UKD 621.384:543.5
008 - POLE O STAŁEJ DŁUGOŚCI - DANE KONTROLNE
podpole kontrolne o stałej długości s pl f |000 0 pol
100 1# - NAZWA OSOBOWA
Nazwa osobowa CUPACHIN, S. M.
245 #0 - TYTUŁ/ODPOWIEDZIALNOŚĆ
Tytuł Analiticeskie vozmożnosti iskrovoj mass-spektrometrii /
Pozostałe elementy strefy tytułu i oznaczenia odpowiedzialności S.M. Cupachin, O.J. Krjuckova, G.J. Ramendik.
260 ## - STREFA ADRESU WYDAWNICZEGO
Miejsce wydania Moskva,
Data publikacji, dystrybucji/powstania dokumentu 1972.
700 1# - HASŁO DODATKOWE - NAZWA OSOBOWA
Nazwa osobowa KRJUCKOVA, O. I.
700 1# - HASŁO DODATKOWE - NAZWA OSOBOWA
Nazwa osobowa RAMENDIK, G. I.
856 ## - LOKALIZACJA I DOSTĘP DO ELEKTRONICZNYCH DOKUMENTÓW ZDALNYCH
Link (URL) http://koha.tu.koszalin.pl/cgi-bin/koha/opac-detail.pl?biblionumber=14713
Tekst linku Katalog online BPK
942 ## - DODATKOWE ELEMENTY (KOHA)
Typ dokumentu Książka
Egzemplarze
Wycofany Status egzemplarza Uszkodzony Dostępność Lokalizacja stała Lokalizacja bieżąca Miejsce przechowywania Sygnatura Kod kreskowy Typ dokumentu
      Dostępny Biblioteka Politechniki Koszalińskiej Biblioteka Politechniki Koszalińskiej Wypożyczalnia BG 14623 01724066 Książka
© 2023 Biblioteka Politechniki Koszalińskiej :: KOHA